La nueva poesía española / (Record no. 74537)
[ view plain ]
| 000 -LEADER | |
|---|---|
| campo de control de longitud fija | 00548nam a2200181 i 4500 |
| 001 - NÚMERO DE CONTROL | |
| campo de control | 74537 |
| 003 - IDENTIFICADOR DE NÚMERO DE CONTROL | |
| campo de control | ES-MaACL |
| 005 - FECHA Y HORA DE LA ÚLTIMA TRANSACCIÓN | |
| campo de control | 20230906172150.0 |
| 007 - CAMPO FIJO DE DESCRIPCIÓN FÍSICA--INFORMACIÓN GENERAL | |
| campo de control de longitud fija | t| |
| 008 - DATOS DE LONGITUD FIJA--INFORMACIÓN GENERAL | |
| campo de control de longitud fija | 040920s1973 sp |||| | spa d |
| 100 1# - ENTRADA PRINCIPAL--NOMBRE DE PERSONA | |
| Nombre de persona | González Muela, Joaquín. |
| 9 (RLIN) | 58829 |
| 245 13 - MENCIÓN DEL TÍTULO | |
| Título | La nueva poesía española / |
| Mención de responsabilidad, etc. | Joaquín González Muela. |
| 260 ## - PUBLICACIÓN, DISTRIBUCIÓN, ETC. | |
| Lugar de publicación, distribución, etc. | Madrid : |
| Nombre del editor, distribuidor, etc. | Alcalá, |
| Fecha de publicación, distribución, etc. | [1973] |
| 300 ## - DESCRIPCIÓN FÍSICA | |
| Extensión | 154 p. ; |
| Dimensiones | 22 cm. |
| 650 #4 - PUNTO DE ACCESO ADICIONAL DE MATERIA--TÉRMINO DE MATERIA | |
| Término de materia o nombre geográfico como elemento de entrada | Poesía española- |
| Subdivisión cronológica | S.XX- |
| Subdivisión general | Historia y crítica. |
| 9 (RLIN) | 16167 |
| 650 #4 - PUNTO DE ACCESO ADICIONAL DE MATERIA--TÉRMINO DE MATERIA | |
| Término de materia o nombre geográfico como elemento de entrada | Poetas españoles- |
| Subdivisión cronológica | S.XX. |
| 9 (RLIN) | 170452 |
| 852 ## - LOCALIZACIÓN | |
| Ubicación | ES-MaACL |
| Número de control de estantería | C-54752 |
| Estatus retirado | Estado de pérdida | Estado de daño | No para préstamo | Biblioteca de origen | Biblioteca actual | Ubicación en estantería | Fecha de adquisición | Fuente de adquisición | Total de préstamos | Signatura topográfica completa | Código de barras | Visto por última vez | Precio de reemplazo | Tipo de ítem Koha |
|---|---|---|---|---|---|---|---|---|---|---|---|---|---|---|
| Biblioteca del Ateneo de Madrid | Biblioteca del Ateneo de Madrid | Depósito 2 | 17/01/2008 | C-54752 | 1078024 | 23/02/2023 | 23/02/2023 | Libro impreso |
